[Event "XtraCon-Skakligaen"]
[Site "Denmark"]
[Date "2012.10.28"]
[Round "2.7"]
[White "Hoiberg, Nina"]
[Black "Christensen, Bo Garner"]
[Result "1-0"]
[WhiteElo "2196"]
[BlackElo "2243"]
[PlyCount "79"]
[EventDate "2012.10.27"]
[EventType "team-tourn"]
[EventRounds "9"]
[WhiteTeam "Nordre"]
[BlackTeam "K41"]
[WhiteTeamCountry "DEN"]
[BlackTeamCountry "DEN"]

1. e4 c5 2. Nf3 Nc6 3. d4 cxd4 4. Nxd4 Nf6 5. Nc3 e5 6. Ndb5 d6 7. a4 Be7 8.
Bc4 a6 9. Na3 O-O 10. O-O Be6 11. f3 Qb6+ 12. Kh1 Na5 13. Nd5 Bxd5 14. Bxd5
Rac8 15. c3 Nxd5 16. Qxd5 Nb3 17. Be3 Qxe3 18. Qxb3 Kh8 19. Qxb7 Bh4 20. Qxa6
Qh6 21. Qe2 Bg3 22. h3 f5 23. Nb5 Rf6 24. Rad1 Rd8 25. exf5 Bf4 26. Nc7 Rxf5
27. Nd5 Bg3 28. a5 Rh5 29. a6 Qe6 30. f4 Rh6 31. f5 Qd7 32. Rf3 Bh4 33. b4 Re8
34. b5 e4 35. Rf4 Bg3 36. Rxe4 Be5 37. Rf1 g6 38. Nf6 Qc8 39. Nxe8 Qxe8 40. f6
1-0

[Event "XtraCon-Skakligaen"]
[Site "Denmark"]
[Date "2012.10.28"]
[Round "2.8"]
[White "Hartung Nielsen, Jens"]
[Black "Holst, Per"]
[Result "1-0"]
[WhiteElo "2241"]
[BlackElo "2108"]
[PlyCount "55"]
[EventDate "2012.10.27"]
[EventType "team-tourn"]
[EventRounds "9"]
[WhiteTeam "K41"]
[BlackTeam "Nordre"]
[WhiteTeamCountry "DEN"]
[BlackTeamCountry "DEN"]

1. Nf3 c5 2. c4 g6 3. Nc3 Bg7 4. e3 Nf6 5. d4 cxd4 6. exd4 O-O 7. Be2 d5 8. O-O
Nc6 9. Re1 dxc4 10. Bxc4 Bg4 11. d5 Na5 12. Bf1 Rc8 13. Bg5 a6 14. h3 Bf5 15.
Qd2 Nc4 16. Bxc4 Rxc4 17. Rad1 Ne4 18. Nxe4 Bxe4 19. Qe2 Bxf3 20. Qxf3 f6 21.
d6 e6 22. Rxe6 Rc6 23. Qd5 Kh8 24. Be3 Rf7 25. d7 Rxd7 26. Qxd7 Qxd7 27. Rxd7
Rxe6 28. Rd8+ 1-0

[Event "XtraCon-Skakligaen"]
[Site "Denmark"]
[Date "2012.10.28"]
[Round "2.1"]
[White "Sorensen, Jan"]
[Black "Danielsen, Henrik"]
[Result "1/2-1/2"]
[WhiteElo "2429"]
[BlackElo "2524"]
[PlyCount "70"]
[EventDate "2012.10.27"]
[EventType "team-tourn"]
[EventRounds "9"]
[WhiteTeam "Aarhus/Skolerne"]
[BlackTeam "BMSSkak"]
[WhiteTeamCountry "DEN"]
[BlackTeamCountry "DEN"]

1. e4 d6 2. Nc3 Nf6 3. f4 d5 4. e5 d4 5. Nce2 Ne4 6. c3 Bg4 7. Qa4+ Nd7 8. cxd4
c6 9. Qc2 Bf5 10. d3 Qa5+ 11. Nc3 Nxc3 12. bxc3 e6 13. Nf3 O-O-O 14. Be2 Nb6
15. O-O Be7 16. Qb3 Rd7 17. a4 Rhd8 18. Bd2 Qa6 19. a5 Na8 20. Qc4 Nc7 21. Qxa6
Nxa6 22. Ne1 Bg6 23. g4 f5 24. g5 h6 25. h4 h5 26. Be3 Nc7 27. c4 Na6 28. c5
Nb4 29. Ra4 Nd5 30. Kf2 Nc3 31. Rc4 Nb5 32. Nc2 a6 33. Bf3 Be8 34. Ra1 g6 35.
Kg3 Rc7 1/2-1/2

[Event "XtraCon-Skakligaen"]
[Site "Denmark"]
[Date "2012.10.28"]
[Round "2.2"]
[White "Kristiansen, Jens"]
[Black "Rasmussen, Karsten"]
[Result "0-1"]
[WhiteElo "2419"]
[BlackElo "2435"]
[PlyCount "86"]
[EventDate "2012.10.27"]
[EventType "team-tourn"]
[EventRounds "9"]
[WhiteTeam "BMSSkak"]
[BlackTeam "Aarhus/Skolerne"]
[WhiteTeamCountry "DEN"]
[BlackTeamCountry "DEN"]

1. d4 d5 2. c4 c6 3. Nf3 Nf6 4. Nc3 dxc4 5. a4 e6 6. e4 Bb4 7. e5 Nd5 8. Bd2 b5
9. axb5 Bxc3 10. bxc3 cxb5 11. Ng5 Nc6 12. Qh5 Qe7 13. Be2 h6 14. Ne4 O-O 15.
Bg5 f6 16. exf6 gxf6 17. Bxh6 Rf7 18. Qg6+ Kh8 19. Nd6 Rh7 20. Nxb5 Bb7 21. Bd2
Rg8 22. Qe4 a6 23. Na3 Na5 24. Bxc4 Nxc4 25. Nxc4 Nxc3 26. Qf4 Bxg2 27. Rg1 Nd5
28. Qd6 Qa7 29. Ne3 Qxd4 30. Rxa6 Qe4 31. Ra1 Rb7 32. Qc6 Qe5 33. Qa6 Rb3 34.
Qa4 Rb7 35. Rc1 Nxe3 36. Bxe3 Qxh2 37. f3 Qg3+ 38. Bf2 Qxf3 39. Qh4+ Rh7 40.
Qd4 e5 41. Qe3 Qb7 42. Bg3 Rh3 43. Rc2 Rgxg3 0-1

[Event "XtraCon-Skakligaen"]
[Site "Denmark"]
[Date "2012.10.28"]
[Round "2.3"]
[White "Skytte, Rasmus"]
[Black "Akdag, Dara Sevkan"]
[Result "1-0"]
[WhiteElo "2406"]
[BlackElo "2251"]
[PlyCount "45"]
[EventDate "2012.10.27"]
[EventType "team-tourn"]
[EventRounds "9"]
[WhiteTeam "Aarhus/Skolerne"]
[BlackTeam "BMSSkak"]
[WhiteTeamCountry "DEN"]
[BlackTeamCountry "DEN"]

1. e4 c5 2. Nc3 d6 3. f4 Nc6 4. Nf3 g6 5. Bc4 e6 6. d4 Bg7 7. dxc5 Qa5 8. e5
dxe5 9. fxe5 Nh6 10. Bd2 Qxc5 11. Ne4 Qb6 12. Nd6+ Kf8 13. Qe2 Ng4 14. O-O-O
Ncxe5 15. Nxe5 Nxe5 16. Bc3 Nxc4 17. Qxc4 Qe3+ 18. Kb1 Bxc3 19. Qc7 Kg7 20.
Qxf7+ Kh6 21. Rd3 Qe5 22. Rh3+ Kg5 23. Qe7+ 1-0

[Event "XtraCon-Skakligaen"]
[Site "Denmark"]
[Date "2012.10.28"]
[Round "2.5"]
[White "Pedersen, Finn"]
[Black "Nielsen, Thomas Bach"]
[Result "1-0"]
[WhiteElo "2291"]
[BlackElo "2188"]
[PlyCount "79"]
[EventDate "2012.10.27"]
[EventType "team-tourn"]
[EventRounds "9"]
[WhiteTeam "Aarhus/Skolerne"]
[BlackTeam "BMSSkak"]
[WhiteTeamCountry "DEN"]
[BlackTeamCountry "DEN"]

1. Nf3 Nf6 2. d4 c5 3. c3 cxd4 4. cxd4 d5 5. Nc3 Nc6 6. Bf4 a6 7. e3 Bg4 8. Be2
e6 9. h3 Bxf3 10. Bxf3 Bd6 11. Bxd6 Qxd6 12. O-O O-O 13. Na4 b5 14. Nc5 e5 15.
dxe5 Nxe5 16. Nb3 Nxf3+ 17. Qxf3 a5 18. Rfd1 a4 19. Nd4 b4 20. Nf5 Qe5 21. Rd4
g6 22. Nh6+ Kg7 23. Ng4 Nxg4 24. hxg4 a3 25. Qe2 f5 26. f4 axb2 27. Rb1 Qe6 28.
gxf5 Rxf5 29. Rxb2 Ra3 30. Rb3 Rxb3 31. axb3 g5 32. Qd2 gxf4 33. exf4 Qh6 34.
Qxb4 Qc6 35. Qe7+ Kh6 36. Qe3 Qc2 37. g4 Rf7 38. Rxd5 Rc7 39. Qe6+ Kg7 40. Rg5+
1-0

[Event "XtraCon-Skakligaen"]
[Site "Denmark"]
[Date "2012.10.28"]
[Round "2.6"]
[White "Haubro, Martin"]
[Black "Gasik, Anna"]
[Result "0-1"]
[WhiteElo "2151"]
[BlackElo "2235"]
[PlyCount "54"]
[EventDate "2012.10.27"]
[EventType "team-tourn"]
[EventRounds "9"]
[WhiteTeam "BMSSkak"]
[BlackTeam "Aarhus/Skolerne"]
[WhiteTeamCountry "DEN"]
[BlackTeamCountry "DEN"]

1. e4 g6 2. d4 Bg7 3. Nf3 c6 4. Nc3 d5 5. h3 Nf6 6. e5 Ne4 7. Nxe4 dxe4 8. Ng5
c5 9. Bc4 O-O 10. e6 f6 11. Nxe4 b5 12. Qf3 bxc4 13. Nxc5 Qb6 14. O-O Qc6 15.
Bf4 Qxf3 16. gxf3 Na6 17. Rfe1 Nxc5 18. dxc5 Bb7 19. Rad1 Rfd8 20. b4 cxb3 21.
axb3 Bxf3 22. Rxd8+ Rxd8 23. Re3 Bc6 24. b4 f5 25. c4 Rd1+ 26. Kh2 Rh1+ 27. Kg3
Rg1+ 0-1

[Event "XtraCon-Skakligaen"]
[Site "Denmark"]
[Date "2012.10.28"]
[Round "2.7"]
[White "Rendboe, John Filip"]
[Black "Pedersen, Sven"]
[Result "1/2-1/2"]
[WhiteElo "2233"]
[BlackElo "2114"]
[PlyCount "66"]
[EventDate "2012.10.27"]
[EventType "team-tourn"]
[EventRounds "9"]
[WhiteTeam "Aarhus/Skolerne"]
[BlackTeam "BMSSkak"]
[WhiteTeamCountry "DEN"]
[BlackTeamCountry "DEN"]

1. d4 d5 2. c4 c6 3. Nf3 Nf6 4. Nc3 e6 5. cxd5 exd5 6. Bg5 Be7 7. Qc2 Nbd7 8.
e3 O-O 9. Bd3 Re8 10. O-O Ne4 11. Bxe4 Bxg5 12. Bxh7+ Kh8 13. Bd3 Bf6 14. e4
dxe4 15. Nxe4 Nb6 16. Nxf6 Qxf6 17. Rae1 Rxe1 18. Rxe1 Be6 19. Re5 Rd8 20. Qe2
g6 21. a3 Rd5 22. Qe3 Kg7 23. h4 Bf5 24. Bf1 Bg4 25. Ng5 Rd7 26. Qg3 Bf5 27.
Nf3 Nd5 28. h5 Re7 29. hxg6 Bxg6 30. Bd3 Rxe5 31. Nxe5 Nf4 32. Nxg6 fxg6 33.
Qe3 Ne6 1/2-1/2

[Event "XtraCon-Skakligaen"]
[Site "Denmark"]
[Date "2012.10.28"]
[Round "2.8"]
[White "Haubro, Sigfred"]
[Black "Hagen, Kresten Skytte"]
[Result "1/2-1/2"]
[WhiteElo "2130"]
[BlackElo "2186"]
[PlyCount "97"]
[EventDate "2012.10.27"]
[EventType "team-tourn"]
[EventRounds "9"]
[WhiteTeam "BMSSkak"]
[BlackTeam "Aarhus/Skolerne"]
[WhiteTeamCountry "DEN"]
[BlackTeamCountry "DEN"]

1. b3 Nf6 2. Bb2 e6 3. Nf3 b6 4. e3 Bb7 5. Be2 Be7 6. O-O O-O 7. c4 c5 8. d4 d5
9. Nbd2 cxd4 10. exd4 Nc6 11. Rc1 Rc8 12. Bd3 Re8 13. Re1 Bf8 14. Nf1 g6 15.
Ng3 Bh6 16. Ra1 Bg7 17. Ne5 dxc4 18. Nxc6 Bxc6 19. bxc4 Qc7 20. Qd2 Qb7 21. Bf1
Red8 22. Qf4 Ne8 23. Rad1 h5 24. Rd3 Qc7 25. Qg5 Nf6 26. Qd2 Ng4 27. h3 Nf6 28.
Qd1 h4 29. Ne2 Be4 30. Rc3 Bf5 31. Nc1 Ne4 32. Ra3 Bf8 33. Ra4 Nc5 34. Ra3 Ne4
35. Ra4 Bh6 36. Nd3 Bg7 37. Nc1 a5 38. Ra3 Bf8 39. Rae3 Nd6 40. Rc3 Ne4 41.
Rce3 Nd6 42. Rc3 Ne8 43. a3 Bg7 44. Rb3 Nd6 45. Rc3 Ne4 46. Rce3 Nd6 47. Rc3
Ne4 48. Rce3 Nd6 49. Rc3 1/2-1/2

[Event "XtraCon-Skakligaen"]
[Site "Denmark"]
[Date "2012.12.02"]
[Round "3.1"]
[White "Rasmussen, Allan Stig"]
[Black "Matthiesen, Arne"]
[Result "0-1"]
[WhiteElo "2511"]
[BlackElo "2345"]
[PlyCount "132"]
[EventDate "2012.10.27"]
[EventType "team-tourn"]
[EventRounds "9"]
[WhiteTeam "Jetsmark"]
[BlackTeam "SK1968"]
[WhiteTeamCountry "DEN"]
[BlackTeamCountry "DEN"]

1. d4 Nf6 2. c4 e6 3. Nf3 b6 4. g3 Bb7 5. Bg2 Be7 6. O-O O-O 7. Qa4 d6 8. Nc3
Ne4 9. Nxe4 Bxe4 10. Ne1 Bxg2 11. Nxg2 Qe8 12. Qc2 c5 13. d5 exd5 14. cxd5 Na6
15. e4 Nb4 16. Qb3 a5 17. a3 a4 18. Qd1 Na6 19. Ne3 g6 20. Ng4 h5 21. Ne3 Bf6
22. Nc4 Qxe4 23. Nxb6 Ra7 24. Re1 Qf5 25. Qxa4 Bd4 26. Be3 Bxb2 27. Rab1 Bc3
28. Rec1 Bf6 29. Nc4 Qxd5 30. Rb6 Qa8 31. Rxd6 Be7 32. Rd7 Nc7 33. Qd1 Nb5 34.
Ne5 Re8 35. Qb3 Nd6 36. Rxa7 Qxa7 37. Bxc5 Qb7 38. Qxb7 Nxb7 39. Bxe7 Rxe7 40.
f4 g5 41. a4 gxf4 42. gxf4 Kg7 43. Kf2 f6 44. Nd3 Kg6 45. Rb1 Nd6 46. Kf3 Nc4
47. Kf2 Rd7 48. Nc5 Rd2+ 49. Kg3 Rc2 50. Nb7 Rc3+ 51. Kf2 Rc2+ 52. Kg3 Rc3+ 53.
Kf2 Rc2+ 54. Kg1 Nd2 55. f5+ Kg5 56. Rb4 Nf3+ 57. Kf1 Nxh2+ 58. Ke1 Nf3+ 59.
Kd1 Ra2 60. Nc5 h4 61. Ne4+ Kxf5 62. Nd6+ Ke6 63. Rf4 h3 64. Ne4 h2 65. Ng3
Rd2+ 66. Kc1 Rg2 0-1

[Event "XtraCon-Skakligaen"]
[Site "Denmark"]
[Date "2012.12.02"]
[Round "3.2"]
[White "Hansen, Lars"]
[Black "Pedersen, Christian Kyndel"]
[Result "0-1"]
[WhiteElo "2267"]
[BlackElo "2443"]
[PlyCount "76"]
[EventDate "2012.10.27"]
[EventType "team-tourn"]
[EventRounds "9"]
[WhiteTeam "SK1968"]
[BlackTeam "Jetsmark"]
[WhiteTeamCountry "DEN"]
[BlackTeamCountry "DEN"]

1. e4 c5 2. Nc3 d6 3. f4 g6 4. Nf3 Bg7 5. Bb5+ Bd7 6. Bxd7+ Qxd7 7. O-O Nc6 8.
d3 Nf6 9. Bd2 O-O 10. Qe1 Nd4 11. Nxd4 cxd4 12. Ne2 e5 13. Qh4 Qg4 14. Qf2 Rac8
15. Rac1 Qe6 16. b3 d5 17. fxe5 Qxe5 18. Bf4 Qh5 19. exd5 Nxd5 20. Ng3 Qh4 21.
Bd2 Ne3 22. Ne4 Qe7 23. Rfe1 f5 24. Ng3 f4 25. Ne4 g5 26. h3 h6 27. Qf3 Nxc2
28. Re2 Ne3 29. Rxc8 Rxc8 30. Bxe3 dxe3 31. Qg4 Rd8 32. Qf5 Qe5 33. Qg6 Kh8 34.
Rc2 b6 35. Kf1 Qa1+ 36. Ke2 Qb1 37. Rc7 Qxd3+ 38. Kf3 Qd1# 0-1

[Event "XtraCon-Skakligaen"]
[Site "Denmark"]
[Date "2012.12.02"]
[Round "3.3"]
[White "Ochsner, Bjorn Moller"]
[Black "Lindfeldt, Jan Magnus"]
[Result "1/2-1/2"]
[WhiteElo "2322"]
[BlackElo "2269"]
[PlyCount "110"]
[EventDate "2012.10.27"]
[EventType "team-tourn"]
[EventRounds "9"]
[WhiteTeam "Jetsmark"]
[BlackTeam "SK1968"]
[WhiteTeamCountry "DEN"]
[BlackTeamCountry "DEN"]

1. e4 e5 2. Nf3 Nc6 3. Bb5 a6 4. Ba4 Nf6 5. O-O Be7 6. d3 d6 7. c3 O-O 8. Re1
b5 9. Bc2 d5 10. Nbd2 dxe4 11. dxe4 Be6 12. Bb3 Bxb3 13. axb3 Nd7 14. Qe2 Qb8
15. Nf1 Nc5 16. b4 Nb3 17. Ra2 a5 18. bxa5 Ncxa5 19. Qc2 c5 20. Ne3 c4 21. Nd5
Bc5 22. Nh4 Nxc1 23. Qxc1 Nb3 24. Rxa8 Qxa8 25. Qg5 f6 26. Qg4 Qa7 27. Qe2 g6
28. Rf1 Qf7 29. Rd1 Ra8 30. Qf3 Kg7 31. Qg3 Kh8 32. Qg4 Bf8 33. Nb6 Ra1 34.
Rxa1 Nxa1 35. Qc8 Nb3 36. Nd7 Kg7 37. Nf3 Be7 38. Qb7 Nc5 39. Nxc5 Bxc5 40.
Qxb5 Qa7 41. g4 Bxf2+ 42. Kg2 Be3 43. Qxc4 Qd7 44. h3 Qd1 45. Qf1 Qc2+ 46. Kh1
Qxe4 47. Qe2 Qb1+ 48. Kg2 Qc1 49. Ne1 e4 50. Kf1 f5 51. gxf5 gxf5 52. Qb5 Bd2
53. Qd7+ Kg6 54. Qe6+ Kg5 55. Qe7+ Kg6 1/2-1/2

[Event "XtraCon-Skakligaen"]
[Site "Denmark"]
[Date "2012.12.02"]
[Round "3.4"]
[White "Matthiesen, Martin"]
[Black "Christensen, Stefan"]
[Result "1-0"]
[WhiteElo "2266"]
[BlackElo "2296"]
[PlyCount "55"]
[EventDate "2012.10.27"]
[EventType "team-tourn"]
[EventRounds "9"]
[WhiteTeam "SK1968"]
[BlackTeam "Jetsmark"]
[WhiteTeamCountry "DEN"]
[BlackTeamCountry "DEN"]

1. d4 Nf6 2. c4 e6 3. Nf3 b6 4. g3 Bb7 5. Bg2 Be7 6. O-O O-O 7. Re1 d5 8. cxd5
exd5 9. Nc3 Nbd7 10. Bf4 a6 11. Qc2 Rc8 12. Rad1 b5 13. Ne5 c5 14. dxc5 Nxc5
15. Qd2 Nce4 16. Nxe4 dxe4 17. Nd7 Nxd7 18. Qxd7 Qxd7 19. Rxd7 Bb4 20. Rc1
Rxc1+ 21. Bxc1 Bc6 22. Rc7 Bd5 23. a3 Ba5 24. Re7 Rd8 25. Be3 b4 26. Bxe4 Be6
27. Bd3 bxa3 28. bxa3 1-0

[Event "XtraCon-Skakligaen"]
[Site "Denmark"]
[Date "2012.12.02"]
[Round "3.5"]
[White "Baekgaard, Martin"]
[Black "Rewitz, Poul"]
[Result "1-0"]
[WhiteElo "2313"]
[BlackElo "2252"]
[PlyCount "47"]
[EventDate "2012.10.27"]
[EventType "team-tourn"]
[EventRounds "9"]
[WhiteTeam "Jetsmark"]
[BlackTeam "SK1968"]
[WhiteTeamCountry "DEN"]
[BlackTeamCountry "DEN"]

1. d4 Nf6 2. c4 e6 3. g3 Bb4+ 4. Bd2 Bxd2+ 5. Qxd2 O-O 6. Bg2 d6 7. e4 e5 8.
Ne2 Nbd7 9. Nbc3 exd4 10. Nxd4 Ne5 11. b3 Bd7 12. O-O a6 13. Rad1 Rb8 14. Rfe1
Re8 15. Nd5 c6 16. Ne3 g6 17. Ndc2 Bh3 18. f4 Bxg2 19. fxe5 Bf3 20. exf6 Bxd1
21. Rxd1 Qxf6 22. Ng4 Qe6 23. Qf4 Kg7 24. Rxd6 1-0

[Event "XtraCon-Skakligaen"]
[Site "Denmark"]
[Date "2012.12.02"]
[Round "3.6"]
[White "Hansen, Bjarne"]
[Black "Wiwe, Andreas"]
[Result "1-0"]
[WhiteElo "2260"]
[BlackElo "2272"]
[PlyCount "75"]
[EventDate "2012.10.27"]
[EventType "team-tourn"]
[EventRounds "9"]
[WhiteTeam "SK1968"]
[BlackTeam "Jetsmark"]
[WhiteTeamCountry "DEN"]
[BlackTeamCountry "DEN"]

1. d4 d5 2. Nf3 Nf6 3. Bf4 c5 4. e3 Nc6 5. Nc3 a6 6. dxc5 Qa5 7. Nd2 e5 8. Nb3
Qd8 9. Bg5 Be6 10. Bxf6 gxf6 11. g3 Qd7 12. Na4 Rd8 13. Bg2 h5 14. Nb6 Qc7 15.
Nxd5 Bxd5 16. Bxd5 Nb4 17. c4 h4 18. a3 Nxd5 19. cxd5 hxg3 20. fxg3 Bxc5 21.
Rc1 b6 22. Nxc5 bxc5 23. O-O Qb6 24. Rf2 Ke7 25. Qf3 a5 26. Rc4 Rd6 27. Rfc2
Rc8 28. b4 axb4 29. axb4 Qb7 30. e4 Ra6 31. bxc5 Ra1+ 32. Kg2 Qb1 33. d6+ Kf8
34. Rf2 Ra2 35. c6 Rxf2+ 36. Qxf2 Rxc6 37. Rxc6 Qxe4+ 38. Qf3 1-0

[Event "XtraCon-Skakligaen"]
[Site "Denmark"]
[Date "2012.12.02"]
[Round "3.7"]
[White "Jensen, Bjarke"]
[Black "Christensen, Thomas"]
[Result "1-0"]
[WhiteElo "2288"]
[BlackElo "2248"]
[PlyCount "41"]
[EventDate "2012.10.27"]
[EventType "team-tourn"]
[EventRounds "9"]
[WhiteTeam "Jetsmark"]
[BlackTeam "SK1968"]
[WhiteTeamCountry "DEN"]
[BlackTeamCountry "DEN"]

1. e4 c5 2. Nf3 d6 3. d4 cxd4 4. Nxd4 Nf6 5. Nc3 a6 6. Bg5 e6 7. f4 Nbd7 8. Qe2
Qc7 9. O-O-O Be7 10. Nf3 Nb6 11. e5 dxe5 12. fxe5 Nfd5 13. Ne4 Bxg5+ 14. Nexg5
Bd7 15. c4 Rc8 16. Rd4 Na4 17. Ne4 O-O 18. Qd2 b5 19. Nf6+ Kh8 20. Rh4 Nxf6 21.
exf6 1-0

[Event "XtraCon-Skakligaen"]
[Site "Denmark"]
[Date "2012.12.02"]
[Round "3.8"]
[White "Pedersen, Gunnar"]
[Black "Rathlev, Jakob"]
[Result "1/2-1/2"]
[WhiteElo "2231"]
[BlackElo "2238"]
[PlyCount "40"]
[EventDate "2012.10.27"]
[EventType "team-tourn"]
[EventRounds "9"]
[WhiteTeam "SK1968"]
[BlackTeam "Jetsmark"]
[WhiteTeamCountry "DEN"]
[BlackTeamCountry "DEN"]

1. d4 e6 2. Nf3 f5 3. g3 Nf6 4. Bg2 d5 5. O-O Bd6 6. c4 c6 7. Bf4 Bxf4 8. gxf4
O-O 9. Qb3 Ne4 10. Nbd2 Nd7 11. Qe3 Qe7 12. Kh1 b6 13. Rac1 Ba6 14. cxd5 cxd5
15. Rc6 Rac8 16. Rfc1 Qb4 17. Rxc8 Rxc8 18. Rxc8+ Bxc8 19. Nxe4 dxe4 20. Qd2
Qxd2 1/2-1/2

[Event "XtraCon-Skakligaen"]
[Site "Denmark"]
[Date "2012.12.02"]
[Round "3.1"]
[White "Teplyi, Igor"]
[Black "Andersen, Mads"]
[Result "1/2-1/2"]
[WhiteElo "2386"]
[BlackElo "2461"]
[PlyCount "97"]
[EventDate "2012.10.27"]
[EventType "team-tourn"]
[EventRounds "9"]
[WhiteTeam "Nordre"]
[BlackTeam "TeamNordeaSkb"]
[WhiteTeamCountry "DEN"]
[BlackTeamCountry "DEN"]

1. Nf3 d5 2. d4 Nf6 3. c4 c6 4. cxd5 cxd5 5. Nc3 Nc6 6. Bf4 Bf5 7. Qb3 Na5 8.
Qa4+ Bd7 9. Qc2 e6 10. e3 Rc8 11. Bd3 Be7 12. O-O O-O 13. Ne5 h6 14. Qe2 Nc6
15. Rac1 Be8 16. Bb1 a6 17. a3 Nd7 18. Nxc6 Rxc6 19. e4 Nb6 20. exd5 Nxd5 21.
Nxd5 Qxd5 22. Be4 Qxd4 23. Be5 Qa4 24. Bxc6 Bxc6 25. Rfd1 Re8 26. h3 Qb5 27.
Qxb5 axb5 28. Rd3 f6 29. Bd6 Kf7 30. Bxe7 Kxe7 31. h4 g6 32. Rg3 Kf7 33. Rd3
Ke7 34. Rg3 Kf7 35. Rd1 Ra8 36. Rd6 Ke7 37. Rd2 Kf7 38. f4 Ra4 39. b4 Ra8 40.
Kf2 Rc8 41. Rc3 Ra8 42. g3 Ke7 43. Rdd3 g5 44. Rd1 Rg8 45. Rg1 Kd6 46. Rc5 Ke7
47. Rc3 Kd6 48. Rc5 Ke7 49. Rc3 1/2-1/2

[Event "XtraCon-Skakligaen"]
[Site "Denmark"]
[Date "2012.12.02"]
[Round "3.2"]
[White "Palo, Davor"]
[Black "Sloth, Jorn"]
[Result "1/2-1/2"]
[WhiteElo "2551"]
[BlackElo "2340"]
[PlyCount "36"]
[EventDate "2012.10.27"]
[EventType "team-tourn"]
[EventRounds "9"]
[WhiteTeam "TeamNordeaSkb"]
[BlackTeam "Nordre"]
[WhiteTeamCountry "DEN"]
[BlackTeamCountry "DEN"]

1. d4 e6 2. c4 Bb4+ 3. Nc3 c5 4. Nf3 cxd4 5. Nxd4 Nf6 6. g3 Ne4 7. Qd3 Nxc3 8.
bxc3 Be7 9. Bg2 d6 10. O-O Nd7 11. f4 Nc5 12. Qc2 Bd7 13. f5 e5 14. Nb3 Qc7 15.
Be3 Na4 16. Nd2 Nb6 17. Rab1 Bc6 18. c5 dxc5 1/2-1/2

[Event "XtraCon-Skakligaen"]
[Site "Denmark"]
[Date "2012.12.02"]
[Round "3.3"]
[White "Petersen, Tom Petri"]
[Black "Pedersen, Nicolai Vesterbaek"]
[Result "1-0"]
[WhiteElo "2331"]
[BlackElo "2443"]
[PlyCount "103"]
[EventDate "2012.10.27"]
[EventType "team-tourn"]
[EventRounds "9"]
[WhiteTeam "Nordre"]
[BlackTeam "TeamNordeaSkb"]
[WhiteTeamCountry "DEN"]
[BlackTeamCountry "DEN"]

1. Nf3 Nf6 2. g3 d5 3. Bg2 g6 4. O-O Bg7 5. d4 O-O 6. Nbd2 c6 7. Re1 Bf5 8. c3
Nbd7 9. Nf1 Nb6 10. Ne3 Be6 11. Ne5 Nfd7 12. Nd3 f6 13. Nf1 Bf7 14. e4 e5 15.
dxe5 Nxe5 16. Nxe5 fxe5 17. exd5 cxd5 18. Ne3 h5 19. Nc2 Nc4 20. b3 Nb6 21. Be3
Rc8 22. Qd2 e4 23. Bd4 Nd7 24. Bxg7 Kxg7 25. Ne3 Ne5 26. Qd4 Qf6 27. Nxd5 Bxd5
28. Qxd5 Qxf2+ 29. Kh1 Ng4 30. Rxe4 Rf7 31. Rf1 Qxf1+ 32. Bxf1 Rxf1+ 33. Kg2
Rcf8 34. Re7+ R8f7 35. Qd4+ Kh7 36. Rxf7+ Rxf7 37. h3 Nf6 38. Qxa7 Re7 39. c4
g5 40. Qc5 Re2+ 41. Kf3 Rxa2 42. Qxg5 Ra6 43. Qb5 Kg6 44. Qxb7 Rd6 45. c5 Rd3+
46. Ke2 Rd7 47. Qa6 Re7+ 48. Kf3 Re5 49. c6 Rc5 50. b4 Rc3+ 51. Ke2 Kf5 52. c7
1-0

[Event "XtraCon-Skakligaen"]
[Site "Denmark"]
[Date "2012.12.02"]
[Round "3.4"]
[White "Pedersen, Steffen"]
[Black "Christensen, Jan Schleicher"]
[Result "1-0"]
[WhiteElo "2419"]
[BlackElo "2252"]
[PlyCount "65"]
[EventDate "2012.10.27"]
[EventType "team-tourn"]
[EventRounds "9"]
[WhiteTeam "TeamNordeaSkb"]
[BlackTeam "Nordre"]
[WhiteTeamCountry "DEN"]
[BlackTeamCountry "DEN"]

1. d4 Nf6 2. Nf3 c5 3. d5 e6 4. c4 b5 5. Bg5 exd5 6. cxb5 Bb7 7. e3 Be7 8. Nc3
O-O 9. Be2 d6 10. Bxf6 Bxf6 11. O-O a6 12. bxa6 Nxa6 13. Nxd5 Bxb2 14. Rb1 Bxd5
15. Qxd5 Nb4 16. Qb3 Bf6 17. a3 Nc6 18. Bb5 Qc7 19. Nd2 Rfe8 20. Qd5 Ne7 21.
Qd3 Rec8 22. Ne4 Be5 23. Ng5 h6 24. Qh7+ Kf8 25. f4 Bc3 26. Bc4 hxg5 27. fxg5
d5 28. Qh8+ Ng8 29. Bxd5 Ra7 30. g6 Ke7 31. Rxf7+ Kd6 32. Rxc7 Raxc7 33. Bxg8
1-0

[Event "XtraCon-Skakligaen"]
[Site "Denmark"]
[Date "2012.12.02"]
[Round "3.5"]
[White "Nielsen, Poul Erik"]
[Black "Berg, Klaus"]
[Result "1/2-1/2"]
[WhiteElo "2215"]
[BlackElo "2390"]
[PlyCount "27"]
[EventDate "2012.10.27"]
[EventType "team-tourn"]
[EventRounds "9"]
[WhiteTeam "Nordre"]
[BlackTeam "TeamNordeaSkb"]
[WhiteTeamCountry "DEN"]
[BlackTeamCountry "DEN"]

1. c4 Nf6 2. g3 c6 3. Bg2 e5 4. d4 Bb4+ 5. Bd2 Bxd2+ 6. Qxd2 d6 7. Nc3 O-O 8.
e3 Be6 9. d5 cxd5 10. Nxd5 Nxd5 11. Bxd5 Bxd5 12. Qxd5 Nc6 13. Ne2 Qc7 14. O-O
1/2-1/2

[Event "XtraCon-Skakligaen"]
[Site "Denmark"]
[Date "2012.12.02"]
[Round "3.7"]
[White "Hoiberg, Nina"]
[Black "Pedersen, Jan Rode"]
[Result "1-0"]
[WhiteElo "2196"]
[BlackElo "2215"]
[PlyCount "85"]
[EventDate "2012.10.27"]
[EventType "team-tourn"]
[EventRounds "9"]
[WhiteTeam "Nordre"]
[BlackTeam "TeamNordeaSkb"]
[WhiteTeamCountry "DEN"]
[BlackTeamCountry "DEN"]

1. e4 e5 2. Nf3 Nc6 3. Bc4 Nf6 4. d4 exd4 5. e5 d5 6. Bb5 Ne4 7. Nxd4 Bc5 8.
Be3 Bd7 9. Bxc6 bxc6 10. O-O Bb6 11. f3 Ng5 12. f4 Ne4 13. Nc3 Nxc3 14. bxc3
Qe7 15. Qf3 O-O 16. Rfe1 Rad8 17. a4 a5 18. Qf2 Rfe8 19. Nb3 Rb8 20. f5 Bxe3
21. Rxe3 Qg5 22. Nxa5 Ra8 23. Nb3 Bxf5 24. Nd4 Bg6 25. Nxc6 Re6 26. Nb4 Rxe5
27. Rxe5 Qxe5 28. Qd4 Qe2 29. Nxd5 Qxc2 30. Ne7+ Kh8 31. Nxg6+ hxg6 32. a5 Qb2
33. Ra4 Qc1+ 34. Kf2 Re8 35. h3 Qe1+ 36. Kf3 c5 37. Qh4+ Qxh4 38. Rxh4+ Kg8 39.
Rc4 Rc8 40. Ke4 Kf8 41. Kd5 Ke7 42. Rxc5 Ra8 43. Kc6 1-0

[Event "XtraCon-Skakligaen"]
[Site "Denmark"]
[Date "2012.12.02"]
[Round "3.8"]
[White "Seegert, Kristian"]
[Black "Hansen, Per"]
[Result "0-1"]
[WhiteElo "2148"]
[BlackElo "2173"]
[PlyCount "104"]
[EventDate "2012.10.27"]
[EventType "team-tourn"]
[EventRounds "9"]
[WhiteTeam "TeamNordeaSkb"]
[BlackTeam "Nordre"]
[WhiteTeamCountry "DEN"]
[BlackTeamCountry "DEN"]

1. e4 c5 2. Nf3 d6 3. d4 cxd4 4. Nxd4 Nf6 5. Nc3 g6 6. Be3 Bg7 7. f3 O-O 8. Qd2
Nc6 9. Bc4 Ne5 10. Bb3 Bd7 11. O-O-O Qa5 12. h4 Rfc8 13. Kb1 Nc4 14. Bxc4 Rxc4
15. Nb3 Qa6 16. e5 Ne8 17. h5 Rac8 18. g4 Bxe5 19. Bd4 Rxd4 20. Nxd4 Rc4 21.
Nb3 Be6 22. hxg6 hxg6 23. Nd5 Ra4 24. a3 Bxd5 25. Qxd5 Nc7 26. Qd3 Qb6 27. Rde1
Bf6 28. g5 Bxg5 29. f4 Bf6 30. f5 g5 31. Reg1 Rh4 32. Ka2 Rxh1 33. Rxh1 a5 34.
Qc4 Kg7 35. c3 Qc6 36. Qxc6 bxc6 37. Nxa5 c5 38. c4 Be5 39. Nc6 Kf6 40. Nxe5
dxe5 41. Rf1 g4 42. b4 Kg5 43. Kb2 g3 44. Kc3 Kg4 45. Kd2 g2 46. Rg1 Kf3 47.
Re1 cxb4 48. axb4 Na6 49. b5 Nc5 50. b6 f6 51. Kc3 Na4+ 52. Kb4 Nxb6 0-1